Design of Layer Architecture for Multi Services Networks and its Utilization in Enum (Record no. 9285)

000 -LEADER
fixed length control field 00526 a2200133 4500
082 ## - DEWEY DECIMAL CLASSIFICATION NUMBER
Classification number MIT-1
100 ## - MAIN ENTRY--PERSONAL NAME
Personal name Aqeel Ahmed Awan
9 (RLIN) 105975
245 ## - TITLE STATEMENT
Title Design of Layer Architecture for Multi Services Networks and its Utilization in Enum
Statement of responsibility, etc. Aqeel Ahmed Awan
260 ## - PUBLICATION, DISTRIBUTION, ETC.
Place of publication, distribution, etc. Islamabad,
Name of publisher, distributor, etc. NUST School of Electrical Engineering & Computer Science,
Date of publication, distribution, etc. 2004.
300 ## - PHYSICAL DESCRIPTION
Extent xiv, 71 p. :
Other physical details ill. ;
Dimensions 27 cm.
500 ## - GENERAL NOTE
General note Supervisor : Mr. Nadeem Ahmad.
856 ## - ELECTRONIC LOCATION AND ACCESS
Uniform Resource Identifier <a href="http://10.250.8.41:8080/xmlui/handle/123456789/31853">http://10.250.8.41:8080/xmlui/handle/123456789/31853</a>
942 ## - ADDED ENTRY ELEMENTS (KOHA)
Koha item type Project Report
Call number prefix MIT-1 AQE
Source of classification or shelving scheme
Holdings
Withdrawn status Lost status Source of classification or shelving scheme Damaged status Not for loan Permanent Location Current Location Date acquired Full call number Barcode Date last seen Price effective from Koha item type Total Checkouts
          Central Library (CL) Central Library (CL) 08/07/2024 MIT-1 AQE SEECSP00328 11/14/2012 11/14/2012 Project Report  
          Central Library (CL) Central Library (CL)   MIT-1 AQE SEECSP00349 11/14/2012 11/14/2012 Project Report  
© 2023 Central Library, National University of Sciences and Technology. All Rights Reserved.